Návrh meracieho plánu pre meranie prevodového mechanizmu na súradnicovom meracom stroji

Uložené v:
Podrobná bibliografia
Hlavný autor: Czermak, Eugen (Autor)
Ďalší autori: Görög, Augustín (Vedúci práce)
Médium: Rukopis Kniha
Jazyk:Slovak
Vydavateľské údaje: 2017
Predmet:
On-line prístup:http://is.stuba.sk/zp/portal_zp.pl?podrobnosti=126230
Tagy: Pridať tag
Žiadne tagy, Buďte prvý, kto otaguje tento záznam!

MARC

LEADER 00000ntm a22000003a 4500
001 stuzp62447
003 SK-STU
005 20170610210541.3
007 ta
008 150427s2015----xo-----f-mn---000-0-slo-d
040 |a STU  |b slo 
041 0 |a slo 
100 1 |a Czermak, Eugen  |u 063000  |k Z4  |4 aut  |U MTF Materiálovotechnologická fakulta  |T MTF Ústav výrobných technológií  |X 47091  |U M3000  |Y 83  |7 47091 
242 0 1 |a Draft measuring plan for measuring gear mechanism on the coordinate measuring machine  |y eng 
245 1 0 |a Návrh meracieho plánu pre meranie prevodového mechanizmu na súradnicovom meracom stroji 
260 |c 2017 
650 4 |a súradnicové meracie stroje,  |2 slo 
650 4 |a meracie dotyky,  |2 slo 
650 4 |a merací plán.  |2 slo 
650 4 |a coordinate measuring machines,  |2 eng 
650 4 |a measuring stylus,  |2 eng 
650 4 |a measuring plan.  |2 eng 
700 1 |a Görög, Augustín  |u 063800  |k Z1  |4 ths  |U MTF Ústav výrobných technológií  |T MTF Katedra výrobných systémov, metrológie a montáže  |X 4179  |U M3800  |Y 660  |7 A000004179 
856 4 |u http://is.stuba.sk/zp/portal_zp.pl?podrobnosti=126230 
996 |c M* DP-13079  |l MMSKP  |s P  |a 0  |w stuzp62447_0001